Countires with Nuclear Power - Statistics

General Stats
  • This quiz has been taken 1,754 times
  • The average score is 23 of 31
Answer Stats
Hint Answer % Correct
104 United States
100%
16 United Kingdom
98%
33 Russia
97%
58 France
96%
17 China
95%
9 Germany
92%
2 Japan
92%
19 Canada
90%
20 India
90%
7 Spain
88%
2 Mexico
86%
2 Brazil
85%
23 South Korea
83%
1 Iran
82%
15 Ukraine
81%
2 Pakistan
80%
10 Sweden
78%
2 Argentina
77%
4 Finland
72%
2 South Africa
71%
7 Belgium
65%
1 Netherlands
63%
5 Switzerland
62%
2 Romania
57%
4 Hungary
56%
4 Slovakia
52%
2 Bulgaria
51%
6 Taiwan
45%
6 Czech Republic
43%
1 Slovenia
43%
1 Armenia
22%
No matching quizzes found
Score Distribution
Percent of People with Each Score
Percentile by Number Answered
Your Score History
You have not taken this quiz